000 00291nam a2200133Ia 4500
008 230312s9999||||xx |||||||||||||| ||und||
082 _a891.4
_bQUD-S
100 _aQudsia, Bano
245 0 _aShaher-e-bai Masal
260 _bSangeMeel
300 _a272
650 _aLiterature
942 _cBK
999 _c8805
_d8805